| 000 | 00755nam a22002177a 4500 | ||
|---|---|---|---|
| 999 |
_c8511 _d8511 |
||
| 003 | AR-CdUCM | ||
| 008 | 190325b ||||| |||| 00| 0 spa d | ||
| 040 |
_aMUNICIPALIDAD PROVINCIAL DEL CUSCO _cBIBLIOTECA MUNICIPAL DEL CUSCO |
||
| 082 |
_a079 / _bQ68 |
||
| 100 |
_aQuiñones, Fernando _95187 |
||
| 245 | _aPor la América Morena / | ||
| 260 |
_aCádiz : _bFundacion Municipal de Cultura _c1999. |
||
| 300 |
_a159 páginas ; _c21 cm. |
||
| 505 | _aContenido : Puegto Gico -- Lima -- Cocina nica -- Caracas -- Nomenclaturas Latinoamericana -- Salta... | ||
| 650 |
_aComunicaciones _917618 |
||
| 650 |
_aArtículos _919045 |
||
| 650 |
_aPrensa _919488 |
||
| 710 |
_aAyuntamiento de Cadiz _923843 |
||
| 942 |
_2ddc _cLIBROS |
||
| 945 |
_apjha _d2019-04-30 |
||